[Event "Famalicao op 6th"]
[Site "Famalicao"]
[Date "2018.08.03"]
[Round "8"]
[White "Marques, Luis Filipe Ribeiro"]
[Black "Oliveira, Maria Alice Ramos"]
[Result "0-1"]
[WhiteElo "1267"]
[BlackElo "1542"]
[PlyCount "50"]
[EventDate "2018.07.29"]
[EventType "swiss"]
[EventRounds "9"]
[EventCountry "POR"]
[SourceTitle "CBM 185 Extra"]
[Source "ChessBase"]
[SourceDate "2018.07.29"]
[SourceVersion "1"]
[SourceVersionDate "2018.07.29"]
[SourceQuality "1"]

1. e4 e5 2. Nf3 Nc6 3. Bb5 a6 4. Ba4 Nf6 5. d3 b5 6. Bb3 Be7 7. Nc3 d6 8. h3 0-0 9. Bg5 Na5 10. 0-0 Nxb3 11. axb3 Bb7 12. Nh2 Ne8 13. Bxe7 Qxe7 14. f4 f5 15. Qe2 fxe4 16. dxe4 exf4 17. Rae1 Qe5 18. Ng4 Qd4+ 19. Kh1 Nf6 20. Rxf4 Nxg4 21. Qxg4 Rxf4 22. Qxf4 Rf8 23. Qg5 Qf2 24. Re2 Qf1+ 25. Kh2 b4 0-1

[Event "Famalicao op 5th"]
[Site "Famalicao"]
[Date "2017.08.05"]
[Round "9"]
[White "Oliveira, Maria Alice Ramos"]
[Black "Jorge, Rita Maria Osorio"]
[Result "0-1"]
[WhiteElo "1549"]
[BlackElo "1936"]
[PlyCount "62"]
[EventDate "2017.07.29"]
[EventType "swiss"]
[EventRounds "9"]
[EventCountry "POR"]
[SourceTitle "EXT 2018"]
[Source "ChessBase"]
[SourceDate "2017.10.13"]
[SourceVersion "1"]
[SourceVersionDate "2017.10.13"]
[SourceQuality "1"]

1. e4 c5 2. Nf3 Nc6 3. d4 cxd4 4. Nxd4 g6 5. Nc3 Bg7 6. Be3 Nf6 7. Bc4 Qa5 8. 0-0 0-0 9. Bb3 d6 10. h3 Bd7 11. Re1 Rac8 12. Qd3 Rfe8 13. Rad1 Nxd4 14. Bxd4 Bc6 15. f4 Nd7 16. Bxg7 Kxg7 17. Qd4+ Kg8 18. e5 dxe5 19. fxe5 Nf8 20. Rf1 Ne6 21. Bxe6 fxe6 22. Rfe1 Rf8 23. Rf1 Rcd8 24. Rxf8+ Rxf8 25. Rf1 Qd8 26. Rxf8+ Qxf8 27. Qf2 Qh6 28. Ne2 Qg5 29. Qg3 Qd2 30. Qd3 Qe1+ 31. Kh2 Qf2 0-1

[Event "Gaia Profigaia op 17th"]
[Site "Vila Nova de Gaia"]
[Date "2017.06.15"]
[Round "2"]
[White "Silva, Antonio Jose M Abre"]
[Black "Oliveira, Maria Alice Ramos"]
[Result "0-1"]
[WhiteElo "1164"]
[BlackElo "1561"]
[PlyCount "60"]
[EventDate "2017.06.14"]
[EventType "swiss"]
[EventRounds "7"]
[EventCountry "POR"]
[SourceTitle "CBM 179 Extra"]
[Source "ChessBase"]
[SourceDate "2017.08.23"]
[SourceVersion "1"]
[SourceVersionDate "2017.08.23"]
[SourceQuality "1"]

1. e4 e5 2. Nf3 Nc6 3. Bc4 Bc5 4. c3 Nf6 5. d4 exd4 6. cxd4 Bb4+ 7. Bd2 Bxd2+ 8. Nbxd2 d5 9. exd5 Nxd5 10. h3 0-0 11. 0-0 Nb6 12. Bd3 Nxd4 13. Nxd4 Qxd4 14. Qc2 h6 15. Nf3 Qf4 16. Nh2 c6 17. Rfe1 Be6 18. Re4 Qc7 19. b3 Rad8 20. Rd1 Nd5 21. Bc4 Bf5 22. Rde1 Bxe4 23. Rxe4 Nf6 24. Re1 Rfe8 25. Rxe8+ Rxe8 26. Nf3 Qf4 27. Nh2 Re1+ 28. Nf1 Ne4 29. f3 Nd2 30. Bd3 Qe3+ 0-1

[Event "POR-ch U14"]
[Site "Luso"]
[Date "2016.07.20"]
[Round "1"]
[White "Santos, Pedro Miguel"]
[Black "Oliveira, Maria Alice Ramos"]
[Result "1/2-1/2"]
[WhiteElo "1165"]
[BlackElo "1761"]
[PlyCount "105"]
[EventDate "2016.07.20"]
[EventType "swiss"]
[EventRounds "7"]
[EventCountry "POR"]
[SourceTitle "EXT 2018"]
[Source "ChessBase"]
[SourceDate "2017.10.13"]
[SourceVersion "1"]
[SourceVersionDate "2017.10.13"]
[SourceQuality "1"]

1. e4 e5 2. Nf3 Nc6 3. Bb5 a6 4. Ba4 Nf6 5. d3 d6 6. Bg5 Be7 7. h3 b5 8. Bb3 Na5 9. Nbd2 h6 10. Bxf6 Bxf6 11. 0-0 0-0 12. a3 Nxb3 13. Nxb3 c5 14. Qe2 Qc7 15. c4 Be6 16. Rac1 a5 17. Nbd2 b4 18. a4 Be7 19. b3 f5 20. Rfe1 f4 21. Nf1 g5 22. g4 fxg3 23. Nxg3 Bxh3 24. Nh2 Qd7 25. Qe3 Be6 26. f3 Rf6 27. Rf1 Raf8 28. Rc2 Bh3 29. Rff2 Be6 30. Qe2 Kf7 31. Ng4 Bxg4 32. fxg4 Ke8 33. Rxf6 Rxf6 34. Nf5 Kd8 35. Qh2 Bf8 36. Rd2 Kc7 37. Qf2 Kb7 38. Kf1 Ka6 39. Qh2 Kb7 40. Ke1 Bg7 41. Ke2 Kc7 42. Ke3 Qf7 43. Qh5 Qxh5 44. gxh5 Bf8 45. Rg2 Kd7 46. Rf2 Ke6 47. Ke2 Kf7 48. Kf1 Kg8 49. Kg2 Kh7 50. Kg3 Rf7 51. Kg4 Be7 52. Rf3 Bf8 53. Rf2 1/2-1/2

[Event "Gaia Profigaia op 9th"]
[Site "Vila Nova de Gaia"]
[Date "2016.06.28"]
[Round "7"]
[White "Carvalho, Afonso"]
[Black "Oliveira, Maria Alice Ramos"]
[Result "0-1"]
[WhiteElo "1129"]
[BlackElo "1759"]
[PlyCount "74"]
[EventDate "2016.06.24"]
[EventType "swiss"]
[EventRounds "7"]
[EventCountry "POR"]
[SourceTitle "EXT 2018"]
[Source "ChessBase"]
[SourceDate "2017.10.13"]
[SourceVersion "1"]
[SourceVersionDate "2017.10.13"]
[SourceQuality "1"]

1. e4 e5 2. Nf3 Nc6 3. Bc4 Bc5 4. d3 Nf6 5. Bg5 h6 6. Bh4 g5 7. Bg3 d6 8. Nc3 Bd7 9. Qe2 Qe7 10. 0-0-0 a6 11. Nd5 Nxd5 12. Bxd5 h5 13. h3 0-0-0 14. h4 f6 15. Qd2 g4 16. Nh2 Qg7 17. Rhf1 Ne7 18. Bc4 f5 19. exf5 Nxf5 20. Qa5 Bb6 21. Qa3 Kb8 22. Rde1 Rhf8 23. Bxa6 bxa6 24. Qxa6 Bc8 25. Qb5 Bb7 26. Rg1 Nxg3 27. fxg3 Bxg1 28. Rxg1 Rf2 29. a4 Qh6+ 30. Kb1 Qd2 31. a5 Qxc2+ 32. Ka2 Qc6 33. Qb4 Qd5+ 34. Ka1 Qc5 35. Qe1 Qd4 36. Qc1 Qa4+ 37. Kb1 Bd5 0-1

[Event "Gaia Profigaia op 9th"]
[Site "Vila Nova de Gaia"]
[Date "2016.06.27"]
[Round "6"]
[White "Oliveira, Maria Alice Ramos"]
[Black "Carvalho, Luis Eduardo Moreir"]
[Result "0-1"]
[WhiteElo "1759"]
[BlackElo "1457"]
[PlyCount "94"]
[EventDate "2016.06.24"]
[EventType "swiss"]
[EventRounds "7"]
[EventCountry "POR"]
[SourceTitle "EXT 2018"]
[Source "ChessBase"]
[SourceDate "2017.10.13"]
[SourceVersion "1"]
[SourceVersionDate "2017.10.13"]
[SourceQuality "1"]

1. e4 c5 2. Nf3 Nc6 3. d4 cxd4 4. Nxd4 Nf6 5. Nc3 e5 6. Ndb5 d6 7. Bg5 a6 8. Na3 b5 9. Nd5 Be7 10. Bxf6 Bxf6 11. c4 b4 12. Nc2 a5 13. Be2 Bg5 14. 0-0 0-0 15. Bg4 f5 16. exf5 Bxf5 17. Bxf5 Rxf5 18. Qd3 Rf7 19. Rad1 Rd7 20. Qh3 Rf7 21. Qe6 Qc8 22. Qxd6 Raa7 23. Nde3 Bxe3 24. Nxe3 Rad7 25. Qe6 Nd4 26. Qxe5 Ne2+ 27. Kh1 Rxd1 28. Rxd1 Rxf2 29. Qd5+ Rf7 30. Rf1 Qe8 31. Ng4 Nf4 32. Qd2 Qd7 33. Qxd7 Rxd7 34. g3 Nd3 35. Rd1 h5 36. Rxd3 Rxd3 37. Ne5 Rd1+ 38. Kg2 Rd2+ 39. Kf3 Kf8 40. Ke4 Ke7 41. Nd3 Rxh2 42. c5 Kd7 43. Ne5+ Kc7 44. Nc4 a4 45. Kf5 Rc2 46. b3 axb3 47. axb3 Rxc4 0-1